La lucha contra el antisemitismo, la islamofobia y el antigitanismo: Una tarea inacabada en el marco de la Unión Europea /

Podrobná bibliografie
Hlavní autor: Bar Cendón, Antonio
Další autoři: Shuali Trachtenberg, Tamar
Médium: Kniha
Jazyk:španělština
Vydáno: Pamplona, España : Editorial Aranzadi, 2023
Témata:

MARC

LEADER 00000nam a2200000 4500
005 20240905150202.0
008 240905b2023 |||a|||| |||| 00| | spa d
020 |a 9788411630184 
090 |a 04.02.04  |b 2684 
100 |a Bar Cendón, Antonio  |9 4963 
245 1 3 |a La lucha contra el antisemitismo, la islamofobia y el antigitanismo: Una tarea inacabada en el marco de la Unión Europea /  |c Antonio Bar Cendón, Tamar Shuali Trachtenberg, coordinadores 
260 |a Pamplona, España :  |b Editorial Aranzadi,  |c 2023 
300 |a 252 páginas;  |b ilustraciones 
505 |r Alicia Fernández Ferrer  |t Antigitanismo en el contexto educativo: Experiencias de alumnado universitario gitano 
505 |r Antonio Bar Cendón y Tamar Shuali Trachtenberg  |t Prevenir el antisemitismo, la islamofobia y el antigitanismo mediante la educación 
650 1 4 |a DERECHOS HUMANOS  |9 588 
650 1 4 |a EDUCACIÓN  |9 1 
650 1 4 |a Xenofobia  |9 4965 
650 1 4 |a DISCRIMINACIÓN RACIAL  |9 325 
700 |a Shuali Trachtenberg, Tamar  |9 4964 
942 |2 z  |c 01  |h 04.02.04  |6 040204 
999 |c 4088  |d 4088